​​'Bob The Builder' Theme Song Quiz Stats

 Plays Quiz Updated Dec 13, 2017

Challenge
Share
Tweet
Embed
Score 0/80 Timer 03:00
1 Play Today
% Correct
Yay!
100%
Bob
97.9%
Bob
97.9%
Bob
97.9%
Bob
97.9%
Bob
97.9%
Bob
97.9%
Bob
97.9%
the
97.8%
the
97.8%
the
97.8%
the
97.8%
the
97.8%
the
97.8%
the
97.8%
the
97.8%
the
97.8%
Builder!
97.4%
Builder!
97.4%
Builder!
97.4%
Builder!
97.4%
Builder!
97.4%
Builder!
97.4%
Can
96.4%
can!
96.4%
Can
96.4%
can!
96.4%
Can
96.4%
can!
96.4%
it?
95.3%
it?
95.3%
it?
95.3%
Yes
94.3%
Yes
94.3%
Yes
94.3%
we
93.6%
we
93.6%
we
93.6%
we
93.6%
we
93.6%
% Correct
we
93.6%
fix
89.7%
fix
89.7%
fix
89.7%
and
68.1%
And
68.1%
and
68.1%
and
68.1%
and
68.1%
and
68.1%
too.
57.1%
Scoop,
51.7%
Dizzy,
50.2%
job
49.3%
get
49.2%
crew.
48.8%
done.
48.7%
Roley
48.4%
so
47.9%
Muck
47.2%
together
46.9%
together
46.9%
Wendy
45.7%
Join
45.4%
gang
45.2%
fun.
45.1%
Working
44.9%
much
43.9%
Have
43.6%
Lofty
40.6%
They
38.5%
Spud.
25%
friends
24.8%
Travis
20.9%
good
20.6%
Like
20.1%
Playing
20%
Pilchard
19.6%
Bird,
19.3%
should.
19.3%

You're not logged in!

Compare scores with friends on all Sporcle quizzes.
Join for Free
OR
Log In

You Might Also Like...

Show Comments

Extras

Top Quizzes Today


Score Distribution

Your Account Isn't Verified!

In order to create a playlist on Sporcle, you need to verify the email address you used during registration. Go to your Sporcle Settings to finish the process.

Report this User

Report this user for behavior that violates our Community Guidelines.

Details: